LEADER 01509nam 2200373 n 450 001 996386070103316 005 20221108085533.0 035 $a(CKB)1000000000609484 035 $a(EEBO)2240857579 035 $a(UnM)9927891200971 035 $a(UnM)99826899 035 $a(EXLCZ)991000000000609484 100 $a19950117d1685 uy | 101 0 $aeng 135 $aurbn||||a|bb| 200 10$aEnglands vvants: or, Several proposals probably beneficial for England$b[electronic resource] $ehumbly offered to the consideration of all good patriots in both houses of Parliament. By the authour of The present state of England 210 $aLondon $cprinted for, and are to be sold by Randal Taylor, in Amen Corner$d1685 215 $a38 p 300 $aAuthour of The present state of England = Edward Chamberlayne. 300 $aReproduction of the original in the British Library. 330 $aeebo-0018 606 $aTaxation$xLaw and legislation$zGreat Britain$vEarly works to 1800 607 $aGreat Britain$xPolitics and government$y1660-1688$vEarly works to 1800 607 $aGreat Britain$xEconomic policy$vEarly works to 1800 615 0$aTaxation$xLaw and legislation 700 $aChamberlayne$b Edward$f1616-1703.$01001082 801 0$bCu-RivES 801 1$bCu-RivES 801 2$bCStRLIN 801 2$bWaOLN 906 $aBOOK 912 $a996386070103316 996 $aEnglands vvants: or, Several proposals probably beneficial for England$92388174 997 $aUNISA LEADER 01184nas 2200385 a 450 001 996205614703316 005 20221206165920.0 011 $a1573-5109 035 $a(OCoLC)41566664 035 $a(CKB)954925567750 035 $a(CONSER) 2004233072 035 $a(DE-599)ZDB2015535-9 035 $a(MiAaPQ)2043738 035 $a(EXLCZ)99954925567750 100 $a19990618a19929999 sy a 101 0 $aeng 135 $aurmnu||||| 200 10$aGenetic resources and crop evolution 210 $a[Dordrecht] $cKluwer Academic Publishers 300 $a"An international journal." 300 $aRefereed/Peer-reviewed 311 $a0925-9864 606 $aGermplasm resources, Plant$vPeriodicals 606 $aCrops$xEvolution$vPeriodicals 606 $aPlantes$xRessources ge?ne?tiques$vPe?riodiques 606 $aCultures$xE?volution$vPe?riodiques 615 0$aGermplasm resources, Plant 615 0$aCrops$xEvolution 615 6$aPlantes$xRessources ge?ne?tiques 615 6$aCultures$xE?volution 676 $a631.523 906 $aJOURNAL 912 $a996205614703316 996 $aGenetic resources and crop evolution$91953854 997 $aUNISA LEADER 01105nam0 22002771i 450 001 UON00421298 005 20231205104823.973 010 $a978-88-366-1854-5 100 $a20130325d2011 |0itac50 ba 101 $aeng 102 $aIT 105 $a|||| ||||| 200 1 $aRome$efrom the origins to Italy's capital$e[Quebec City, Musče de la civilisation 11 May 2011 - 29 January 2012] 210 $aMilan$cSilvana Editoriale$d2011 215 $a263 p.$cill.$d28 cm 606 $aESPOSIZIONI$xQuebec City, Musče de la civilisation$x2011-2012$3UONC083674$2FI 606 $aRoma$xStoria$xEsposizioni$3UONC083673$2FI 620 $aIT$dMilano$3UONL000005 676 $a937.02$cSTORIA DI ROMA ANTICA$v21 712 $aSilvana Editoriale d'Arte$3UONV249040$4650 801 $aIT$bSOL$c20250801$gRICA 899 $aSIBA - SISTEMA BIBLIOTECARIO DI ATENEO$2UONSI 912 $aUON00421298 950 $aSIBA - SISTEMA BIBLIOTECARIO DI ATENEO$dSI M 1 QUEBEC 001 $eSI 4667 7 996 $aRome$9225033 997 $aUNIOR LEADER 04794nam 2200841 a 450 001 9910974632203321 005 20251117004532.0 010 $a9786611957193 010 $a9781281957191 010 $a1281957194 010 $a9780226387086 010 $a0226387089 024 7 $a10.7208/9780226387086 035 $a(CKB)1000000000578011 035 $a(EBL)408335 035 $a(OCoLC)436148272 035 $a(SSID)ssj0000181218 035 $a(PQKBManifestationID)11167543 035 $a(PQKBTitleCode)TC0000181218 035 $a(PQKBWorkID)10168159 035 $a(PQKB)11554216 035 $a(StDuBDS)EDZ0000115824 035 $a(MiAaPQ)EBC408335 035 $a(DE-B1597)524200 035 $a(OCoLC)1135589787 035 $a(DE-B1597)9780226387086 035 $a(Au-PeEL)EBL408335 035 $a(CaPaEBR)ebr10266013 035 $a(CaONFJC)MIL195719 035 $a(Perlego)1851413 035 $a(EXLCZ)991000000000578011 100 $a20070827d2008 uy 0 101 0 $aeng 135 $aurcn||||||||| 181 $ctxt 182 $cc 183 $acr 200 10$aInternational financial issues in the Pacific Rim $eglobal imbalances, financial liberalization, and exchange rate policy /$fedited by Takatoshi Ito and Andrew K. Rose 205 $a1st ed. 210 $aChicago $cUniversity of Chicago Press$d2008 215 $a1 online resource (441 p.) 225 1 $aNBER-East Asia seminar on economics ;$vv. 17 300 $aPapers presented at the 17th annual East Asian Seminar in Economics, held at the Kohala Coast, Hawaii, June 22, 24, 2006. 311 08$a9780226386829 311 08$a0226386821 320 $aIncludes bibliographical references and indexes. 327 $tFrontmatter -- $tRelation of the Directors to the Work and Publications of the National Bureau of Economic Research -- $tContents -- $tAcknowledgments -- $tIntroduction -- $t1. Life on the Tri-Polar Sphere -- $t2. Liquidity Risk Aversion, Debt Maturity, and Current Account Surpluses -- $t3. Are Currency Appreciations Contractionary in China? -- $t4. The Relationship between Openness and Inflation in NIEs and the G7 -- $t5. Pass-Through of Exchange Rates to Consumption Prices -- $t6. Price Impacts of Deals and Predictability of the Exchange Rate Movements -- $t7. Adopting a Common Currency Basket Arrangement into the ASEAN Plus Three -- $t8. Growth and Returns in Emerging Markets -- $t9. Bond Markets as Conduits for Capital Flows -- $t10. Financial Liberalization under the WTO and Its Relationship with the Macro Economy -- $t11. Cross-Border Acquisitions and Target Firms' Performance -- $t12. Stock Market Opening and the Cost of Capital -- $tContributors -- $tAuthor Index -- $tSubject Index 330 $aThe imbalanced, yet mutually beneficial, trading relationship between the United States and Asia has long been one of international finance's most perplexing mysteries. Although the United States continues to post a substantial trade deficit-and China reaps the benefits of a surplus-the dollar has yet to sink in the face of ever-increasing account disparities. International Financial Issues in the Pacific Rim explains why the United States enjoys a seemingly symbiotic relationship with its trading partners despite stark inequities in the trade balance, especially with Asia. This timely and well-informed study also debunks the assumed link between economic openness and low inflation in the region, identifies the serious gap between academic and private-sector researchers' understanding of exchange rate volatility, and analyzes the liberalization of Asian capital accounts. International Financial Issues in the Pacific Rim will have broad implications for global trade and economic policy issues in Asia and beyond. 410 0$aNBER-East Asia Seminar on Economics (Series) ;$vv. 17. 606 $aForeign exchange rates$zEast Asia$vCongresses 606 $aCapital movements$zEast Asia$vCongresses 606 $aFinance$zEast Asia$vCongresses 606 $aForeign exchange rates$vCongresses 606 $aCapital movements$vCongresses 606 $aFinance$vCongresses 615 0$aForeign exchange rates 615 0$aCapital movements 615 0$aFinance 615 0$aForeign exchange rates 615 0$aCapital movements 615 0$aFinance 676 $a332/.042095 701 $aIto?$b Takatoshi$f1950-2025.$01864714 701 $aRose$b Andrew$f1959-$0123580 712 02$aNational Bureau of Economic Research. 712 12$aNBER-East Asia Seminar on Economics. 801 0$bMiAaPQ 801 1$bMiAaPQ 801 2$bMiAaPQ 906 $aBOOK 912 $a9910974632203321 996 $aInternational financial issues in the Pacific Rim$94538942 997 $aUNINA